Aircraft and rotorcraft system identification (Record no. 121264)
[ view plain ]
| 000 -LEADER | |
|---|---|
| fixed length control field | 01706nam a2200409 a 4500 |
| 082 04 - DEWEY DECIMAL CLASSIFICATION NUMBER | |
| Classification number | 629.132 |
| 100 1# - MAIN ENTRY--AUTHOR NAME | |
| Personal name | Tischler, Mark B. |
| 245 10 - TITLE STATEMENT | |
| Title | Aircraft and rotorcraft system identification |
| 260 ## - PUBLICATION, DISTRIBUTION, ETC. (IMPRINT) | |
| Place of publication | Reston, Va. : |
| Name of publisher | American Institute of Aeronautics and Astronautics, |
| Year of publication | c2006. |
| 300 ## - PHYSICAL DESCRIPTION | |
| Number of Pages | xxxv, 523 p. : |
| Other physical details | ill. |
| 490 1# - SERIES STATEMENT | |
| Series statement | AIAA education series |
| 650 #0 - SUBJECT ADDED ENTRY--TOPICAL TERM | |
| Topical Term | Helicopters |
| Topical Term | Propeller-driven aircraft |
| Topical Term | Helicopters |
| Topical Term | Rotors |
| Topical Term | Helicopter flight simulators. |
| Topical Term | Systems engineering |
| 700 1# - ADDED ENTRY--PERSONAL NAME | |
| Personal name | Remple, Robert K. |
| 856 40 - ELECTRONIC LOCATION AND ACCESS | |
| Uniform Resource Identifier | http://site.ebrary.com/lib/rucke/Doc?id=10516732 |
No items available.
